000 01173nac a22002531u 4500
008 100913t xxu||||| |||| 00| 0 eng d
010 _a 012947175
020 _a0131286080
028 _bwww.bl.uk.
082 _a624.18
_bMCC
100 _aMcCormac, Jack C.
_918904
245 _aStructural Steel Design : LRFD Method /
_cJack C. McCormac and James K. Nelson
250 _a3rd ed.
260 _aUpper Saddle River, N.J.:
_bPearson Education,
_c c2003
300 _axii, 713 p.
_bill. ;
_c 24 cm.
500 _aPrevious ed: New York : HarperCollins College Publishers, c1994.
504 _aIncludes bibliographical references and index.
600 _aJack C. McCormac , James K. Nelson ,JR.
_918905
650 _aBuilding, Iron and steel.
_918906
650 _aSteel, Structural -- Design.
_918907
700 _aJack C. McCormac , James K. Nelson ,JR.
_cStructural steel design : LRFD method /Jack C. McCormac , James K. Nelson ,JR.
_918908
942 _cBB
_k624.18MCC
_2ddc
999 _c2551
_d2551